| 000 | 00488cam a22001812 4500 | ||
|---|---|---|---|
| 001 | 0000000683 | ||
| 005 | 20151217155805.0 | ||
| 008 | 070215s xx 000 0 eng d | ||
| 040 |
_aKABU _cKABU |
||
| 050 | 0 |
_aDT38.9 _b.S65M67 |
|
| 100 | 1 |
_aMorison, David. _@0000148977 |
|
| 245 | 1 | 4 |
_aThe U.S.S.R and Africa / _cDavid Morison. |
| 260 |
_aLondon : _bOUP, _c1964. |
||
| 300 | _a124 p. | ||
| 908 | _a070215 | ||
| 950 | _@1 | ||
| 999 |
_c12439 _d12439 |
||